000 00646nam a22001937a 4500
999 _c56904
_d56904
005 20210419163125.0
008 190612b2019 en ||||| |||| 00| 0 eng d
020 _q 0022-2267
041 _aeng
245 _aJournal of Linguistics :
_b2019 /
_cKersti Borjars ; Helen de Hoop .
260 _aCAMBRIDGE :
_bCambridge university press,
_c2019.
300 _aV.
653 _aპერიოდიკა
653 _aლინგვისტიკა
653 _aJournal of Linguistics
700 _aBorjars, Kersti
_eრედაქტორი
_92459
700 _a Hoop, Helen de
_eრედაქტორი
_92460
942 _2udc
_cCR